| 000 | 01556nam0a22003131 4500 | ||
|---|---|---|---|
| 001 | rc\3576846 | ||
| 005 | 20250610043824.0 | ||
| 021 |
_aRU _bРг10697-71 |
||
| 035 | _a(NLR Aleph) 007694845 | ||
| 090 |
_a6680934 _c6680934 |
||
| 100 | _a20130115d1971 |||y0rusy50 ca | ||
| 101 | 0 | _arus | |
| 102 | _aRU | ||
| 105 | _ay b ||||| | ||
| 200 | 1 |
_aЖивопись. Скульптура. Графика. Декоративно-прикладное искусство _eКаталог _fУпр. культуры Пенз. облисполкома. Обл. совет профсоюзов. Ком. ветеранов войны при Пенз. организации Союза художников РСФСР. Обл. выставка, посвящ. 25-летию победы над фашистской Германией 1915-1970. 8 мая-25 июля 1970 г. |
|
| 210 |
_aПенза _cБ. и. _d1971 |
||
| 215 |
_a13 с. _d20 |
||
| 300 | _aНа 13-й с. сост.: искусствовед Молчанов Б.Н. | ||
| 517 | 0 | _aДекоративно-прикладное искусство | |
| 517 | 0 | _aСкульптура | |
| 517 | 0 | _aГрафика | |
| 702 | 1 |
_aМолчанов _bБ.Н. _gБорис Николаевич _4220 |
|
| 710 | 1 | 2 | _aПензенская обл. выставка, посвященная 25-летию победы над фашистской Германией (1970) |
| 801 | 0 |
_aRU _bNLR _gpsbo |
|
| 801 | 1 |
_aRU _bELAR _2rusmarc |
|
| 852 |
_aNLR _bЭ _jКП250/1971 |
||
| 942 | _cBOOK | ||
| 980 | _aNB | ||